[Event "Mondiale Lampo FIDE 2022"]
[Site "Alma Ata"]
[Date "29.12.2022"]
[Round "8.11"]
[White "Ganguly, Surya Shekhar"]
[Black "Bluebaum, Matthias"]
[Result "0-1"]
[WhiteTitle ""]
[BlackTitle ""]
[WhiteElo "2582"]
[BlackElo "2657"]
[WhiteFideId "5002150"]
[BlackFideId "24651516"]
[EventDate "29.12.2022"]

1. c4 e6 2. Nf3 d5 3. e3 Nf6 4. Nc3 Bd6 5. b3 O-O 6. Bb2 c5 7. cxd5 exd5 8. d4
Nc6 9. Be2 cxd4 10. Nxd4 Nxd4 11. Qxd4 Re8 12. O-O Be5 13. Qd2 d4 14. exd4 Qxd4
15. Qxd4 Bxd4 16. Bf3 Rd8 17. Rfe1 Rb8 18. h3 Be6 19. Rad1 b5 20. Rd2 b4 21. Na4
Bxb2 22. Rxb2 Rbc8 23. Re5 h6 24. Nc5 Bd5 25. Bxd5 Rxd5 26. Rxd5 Nxd5 27. Nd3 a5
28. Re2 Nc3 29. Re5 Ra8 30. Nc5 Nxa2 31. Kf1 Nc3 32. Ke1 Rd8 33. f3 Rd1+ 34. Kf2
Rd2+ 35. Kf1 Rb2 36. Na4 Nxa4 37. bxa4 Ra2 38. Rxa5 b3 39. Rb5 0-1

[Event "Mondiale Lampo FIDE 2022"]
[Site "Alma Ata"]
[Date "29.12.2022"]
[Round "8.12"]
[White "Daneshvar, Bardiya"]
[Black "Petrosian, Tigran L."]
[Result "1-0"]
[WhiteTitle ""]
[BlackTitle ""]
[WhiteElo "2500"]
[BlackElo "2551"]
[WhiteFideId "12576468"]
[BlackFideId "13301616"]
[EventDate "29.12.2022"]

1. Nf3 d6 2. d4 Bg4 3. c4 Bxf3 4. exf3 g6 5. Nc3 Bg7 6. Be3 c6 7. g3 Nf6 8. Bg2
O-O 9. Qb3 Qc7 10. O-O Nbd7 11. Rac1 a6 12. h3 Rfe8 13. f4 Rac8 14. d5 cxd5 15.
cxd5 Nc5 16. Qd1 Qb8 17. b4 Ncd7 18. Qd3 Rc7 19. a4 Rec8 20. Ne2 Rxc1 21. Rxc1
Rxc1+ 22. Nxc1 Qc7 23. a5 Ne8 24. Ne2 f5 25. g4 fxg4 26. hxg4 Ba1 27. Qe4 Ndf6
28. Qe6+ Kf8 29. g5 Ng7 30. Qh3 Nfh5 31. Bf3 Qc4 32. Qd7 Qxb4 33. Bg4 Qb1+ 34.
Kh2 Nf5 35. Bxf5 Qxf5 36. Qxb7 Qd3 37. Ng3 Nxg3 38. Kxg3 Bd4 39. Qc8+ Kg7 40.
Qe6 Kf8 41. Qc8+ Kf7 42. Qe6+ Kf8 43. Qc8+ Kg7 44. Qe8 Qe4 45. Bxd4+ Qxd4 46.
Qxe7+ Kg8 47. Qe6+ Kg7 48. Qd7+ Kg8 49. Qxd6 Qd3+ 50. f3 Qd1 51. Qe6+ Kf8 52.
Qf6+ Kg8 53. Qd8+ Kf7 54. Qd7+ Kf8 55. Qc8+ Kf7 56. Qb7+ Kf8 57. Qb4+ Kf7 58.
Qb7+ Kf8 59. Qc8+ Kf7 60. Qc7+ Kf8 61. Qc5+ Ke8 62. Qe3+ Kd8 63. Qb6+ Ke7 64.
Qe3+ Kd8 65. Qb6+ Ke7 66. Qc5+ Kf7 67. Qc7+ Kg8 68. Qd8+ Kf7 69. Qf6+ Kg8 70.
Qe6+ Kf8 71. f5 Qg1+ 72. Kf4 Qh2+ 73. Ke4 Qe2+ 74. Kd4 Qd2+ 75. Ke5 Qc3+ 76. Kf4
Qd4+ 77. Qe4 Qd2+ 78. Ke5 Qxa5 79. fxg6 hxg6 80. Qxg6 Qc3+ 81. Kf4 a5 82. Qd6+
Ke8 83. Qe5+ 1-0

[Event "Mondiale Lampo FIDE 2022"]
[Site "Alma Ata"]
[Date "29.12.2022"]
[Round "8.13"]
[White "Grischuk, Alexander"]
[Black "Quparadze, Giga"]
[Result "1/2-1/2"]
[WhiteTitle ""]
[BlackTitle ""]
[WhiteElo "2745"]
[BlackElo "2470"]
[WhiteFideId "4126025"]
[BlackFideId "13602250"]
[EventDate "29.12.2022"]

1. Nf3 c5 2. c4 Nc6 3. Nc3 Nf6 4. g3 d5 5. cxd5 Nxd5 6. Bg2 Nc7 7. a3 e6 8. O-O
Be7 9. d3 O-O 10. Bd2 b6 11. Qa4 Bd7 12. Rfc1 Nd4 13. Qd1 Rc8 14. b4 Nxf3+ 15.
Bxf3 Nb5 16. Nxb5 Bxb5 17. a4 Bc6 18. Bxc6 Rxc6 19. b5 Rc8 20. Rc4 Qd7 21. Qf1
Ra8 22. Rb1 a6 23. Qd1 h5 24. h4 axb5 25. Rxb5 Ra6 26. Qb3 Rfa8 27. Rxb6 Rxb6
28. Qxb6 Rxa4 29. Qb3 1/2-1/2

[Event "Mondiale Lampo FIDE 2022"]
[Site "Alma Ata"]
[Date "29.12.2022"]
[Round "8.14"]
[White "Shimanov, Aleksandr"]
[Black "Andreikin, Dmitry"]
[Result "0-1"]
[WhiteTitle ""]
[BlackTitle ""]
[WhiteElo "2581"]
[BlackElo "2729"]
[WhiteFideId "4198603"]
[BlackFideId "4158814"]
[EventDate "29.12.2022"]

1. e4 e5 2. Nf3 Nc6 3. Nc3 Nf6 4. h3 g6 5. d4 exd4 6. Nxd4 Bg7 7. Nxc6 bxc6 8.
Bd3 O-O 9. O-O d5 10. Re1 Rb8 11. Rb1 Re8 12. Bf4 Be6 13. b3 Nh5 14. Bd2 Qh4 15.
Qf3 d4 16. Na4 Be5 17. Nc5 Bc8 18. Bc4 Rf8 19. Nd3 Bg7 20. Bb4 Rxb4 21. Nxb4 g5
22. e5 g4 23. hxg4 Bxg4 24. Qe4 Qg5 25. Nd3 Kh8 26. e6 fxe6 27. Bxe6 Bf3 28.
Qxf3 Rxf3 29. Bc4 Rf8 30. Re4 Nf6 31. Re5 Qh4 32. f3 Bh6 33. Rbe1 Be3+ 0-1

[Event "Mondiale Lampo FIDE 2022"]
[Site "Alma Ata"]
[Date "29.12.2022"]
[Round "8.16"]
[White "Murzin, Volodar"]
[Black "Tomashevsky, Evgeny"]
[Result "1/2-1/2"]
[WhiteTitle ""]
[BlackTitle ""]
[WhiteElo "2561"]
[BlackElo "2694"]
[WhiteFideId "44155573"]
[BlackFideId "4147235"]
[EventDate "29.12.2022"]

1. e4 e5 2. Nf3 Nc6 3. Nc3 Nf6 4. d4 exd4 5. Nxd4 Bb4 6. Nxc6 bxc6 7. Bd3 O-O 8.
O-O d5 9. exd5 cxd5 10. Bg5 Be6 11. Qf3 h6 12. Bxf6 Qxf6 13. Qxf6 gxf6 14. Ne2
c5 15. c3 Ba5 16. Rfd1 Rab8 1/2-1/2

[Event "Mondiale Lampo FIDE 2022"]
[Site "Alma Ata"]
[Date "29.12.2022"]
[Round "8.17"]
[White "Abdusattorov, Nodirbek"]
[Black "Sanal, Vahap"]
[Result "0-1"]
[WhiteTitle ""]
[BlackTitle ""]
[WhiteElo "2713"]
[BlackElo "2597"]
[WhiteFideId "14204118"]
[BlackFideId "6300545"]
[EventDate "29.12.2022"]

1. e4 c5 2. Nf3 e6 3. c3 d5 4. exd5 exd5 5. d4 c4 6. g3 Nf6 7. Bg2 Bd6 8. O-O
O-O 9. Re1 Nc6 10. Bg5 h6 11. Bxf6 Qxf6 12. Nbd2 Bd7 13. Nf1 Rfe8 14. Ne3 Ne7
15. Ne5 Bc6 16. h4 Rad8 17. N3g4 Qf5 18. Bh3 Qh7 19. Qf3 Rf8 20. h5 Be8 21. Ne3
Bxe5 22. dxe5 d4 23. Nf5 Nxf5 24. Bxf5 g6 25. e6 fxe6 26. Bxe6+ Bf7 27. Qg4 Kh8
28. cxd4 gxh5 29. Qh4 Bxe6 30. Rxe6 Qf5 31. Re2 Rd7 32. Rf1 Qg4 33. Re4 Qxh4 34.
Rxh4 Rf5 35. Re1 Kg7 36. Re5 Rxe5 37. dxe5 b5 38. a4 a6 39. axb5 axb5 40. e6 Rd2
41. Rxh5 Rxb2 42. Rf5 b4 43. e7 Re2 44. Rf4 Rxe7 45. Rxc4 Rb7 46. Rc2 b3 47. Rb2
Kf6 48. Kf1 Ke5 49. Ke2 Kd4 50. Kd2 Kc4 51. Kc1 Re7 52. Kd2 Rd7+ 53. Kc1 Ra7 54.
Kd2 Ra2 0-1

[Event "Mondiale Lampo FIDE 2022"]
[Site "Alma Ata"]
[Date "29.12.2022"]
[Round "8.18"]
[White "Ghasi, Ameet K"]
[Black "Van Foreest, Jorden"]
[Result "1-0"]
[WhiteTitle ""]
[BlackTitle ""]
[WhiteElo "2471"]
[BlackElo "2690"]
[WhiteFideId "409200"]
[BlackFideId "1039784"]
[EventDate "29.12.2022"]

1. Nf3 d5 2. g3 Nc6 3. d3 e5 4. Bg2 Nf6 5. O-O Be7 6. a3 a5 7. b3 O-O 8. Bb2 Bd6
9. Nc3 Re8 10. e4 d4 11. Ne2 h6 12. Nd2 Ne7 13. Nc4 Ng6 14. c3 c5 15. cxd4 cxd4
16. h3 Bc5 17. a4 Be6 18. Kh2 Rc8 19. Bc1 Bb4 20. f4 exf4 21. gxf4 Nh4 22. f5
Bxc4 23. bxc4 Nh5 24. Nf4 Nxf4 25. Bxf4 Bd6 26. Qg4 Rc6 27. Rab1 Nxg2 28. Qxg2
Rb6 29. Rxb6 Qxb6 30. f6 g6 31. Bxd6 Qxd6+ 32. Qg3 Re6 33. Qxd6 Rxd6 34. Kg3 Rb6
35. e5 Rb3 36. Rd1 Rb4 37. Kf4 Rxa4 38. Ke4 Rb4 39. Kxd4 g5 40. Kc5 b6+ 41. Kc6
a4 42. Rc1 a3 43. d4 a2 44. Ra1 Rxc4+ 45. Kd5 Rc2 46. Kd6 b5 47. d5 b4 48. e6 b3
49. e7 Re2 50. Kc7 Kh7 51. d6 b2 52. Rxa2 b1=Q 53. Rxe2 Qc1+ 54. Kd8 Qd1 55.
e8=Q Qxd6+ 56. Qd7 Qb8+ 57. Ke7 Qb4+ 58. Kxf7 Qc4+ 59. Ke8+ Kg6 60. Qg7+ Kf5 61.
Qh7+ Kxf6 62. Rf2+ Ke5 63. Qf5+ Kd6 64. Rd2+ Kc7 65. Rc2 1-0

[Event "Mondiale Lampo FIDE 2022"]
[Site "Alma Ata"]
[Date "29.12.2022"]
[Round "8.19"]
[White "Hovhannisyan, Robert"]
[Black "Sadhwani, Raunak"]
[Result "0-1"]
[WhiteTitle ""]
[BlackTitle ""]
[WhiteElo "2597"]
[BlackElo "2627"]
[WhiteFideId "13302507"]
[BlackFideId "35093487"]
[EventDate "29.12.2022"]

1. e4 e5 2. Nf3 Nc6 3. Bb5 Nge7 4. Nc3 Ng6 5. d4 exd4 6. Nxd4 Nxd4 7. Qxd4 c6 8.
Be2 Qb6 9. Qd3 Be7 10. b3 O-O 11. Bb2 Bf6 12. Na4 Qb4+ 13. Qd2 Qxe4 14. Bxf6
gxf6 15. O-O-O d5 16. g3 Bg4 17. f3 Qe5 18. Kb1 Rfe8 19. Rhe1 Bh3 20. f4 Qe3 21.
Qxe3 Rxe3 22. Bd3 Rae8 23. Rxe3 Rxe3 24. Kb2 h5 25. c4 dxc4 26. bxc4 h4 27. Nc5
b6 28. Ne4 Kg7 29. Kc3 hxg3 30. hxg3 f5 31. Nd6 Rxg3 32. c5 Nxf4 33. cxb6 axb6
34. Kc4 b5+ 35. Kd4 c5+ 36. Kxc5 Nxd3+ 37. Kxb5 f4 38. a4 Rg5+ 39. Kb6 Nb2 40.
Rd4 f3 41. Rf4 Bg2 42. Rxf7+ Kg6 43. Rf8 Nxa4+ 44. Kc7 Re5 45. Kd7 Nc5+ 46. Kc8
Nd3 47. Rg8+ Kh7 48. Rg4 f2 49. Rh4+ Kg6 50. Rg4+ Rg5 0-1

[Event "Mondiale Lampo FIDE 2022"]
[Site "Alma Ata"]
[Date "29.12.2022"]
[Round "8.20"]
[White "Rapport, Richard"]
[Black "Ansat, Aldiyar"]
[Result "1-0"]
[WhiteTitle ""]
[BlackTitle ""]
[WhiteElo "2740"]
[BlackElo "2291"]
[WhiteFideId "738590"]
[BlackFideId "13715658"]
[EventDate "29.12.2022"]

1. e4 c5 2. Nf3 Nc6 3. Bb5 e6 4. c3 Nge7 5. d4 cxd4 6. cxd4 d5 7. e5 a6 8. Ba4
Bd7 9. O-O Ng6 10. Nc3 Be7 11. g3 O-O 12. h4 f5 13. Ne2 Rc8 14. Kg2 Nb4 15. Bb3
Bb5 16. Rh1 h6 17. h5 Nh8 18. Nf4 Qd7 19. a3 Nc6 20. a4 Bc4 21. Bxc4 dxc4 22. d5
exd5 23. e6 Qd6 24. Qxd5 Rfd8 25. Qxf5 Bf6 26. Ra3 Ne7 27. Qg4 Qc6 28. Re1 Rd6
29. Rae3 Rcd8 30. Re4 Rd1 31. Nh3 Rxe1 32. Rxe1 Kf8 33. Re4 b5 34. axb5 axb5 35.
Bd2 Rd5 36. Bb4 Ke8 37. Bxe7 Kxe7 38. Nf4 Re5 39. Rd4 Rg5 40. Rd7+ Qxd7 41. Nxg5
Qc6+ 42. Nf3 Bxb2 43. Kh2 Bf6 44. Qf5 c3 45. Ne1 b4 46. Nc2 b3 47. Nb4 Qf3 48.
Nfd5+ Kd6 49. Qxf3 c2 50. Qf4+ Be5 51. Qf8+ Kxe6 52. Qe7+ Kf5 53. Ne3+ Ke4 54.
Nbxc2 b2 55. Qb7+ 1-0

[Event "Mondiale Lampo FIDE 2022"]
[Site "Alma Ata"]
[Date "29.12.2022"]
[Round "8.21"]
[White "Dragnev, Valentin"]
[Black "Salem, A.R. Saleh"]
[Result "1-0"]
[WhiteTitle ""]
[BlackTitle ""]
[WhiteElo "2556"]
[BlackElo "2677"]
[WhiteFideId "1634852"]
[BlackFideId "9301348"]
[EventDate "29.12.2022"]

1. e4 e5 2. Nf3 Nc6 3. Bb5 a6 4. Ba4 Nf6 5. O-O Be7 6. Re1 b5 7. Bb3 O-O 8. a4
Bb7 9. d3 d6 10. Bg5 h6 11. Bxf6 Bxf6 12. axb5 axb5 13. Rxa8 Bxa8 14. Nc3 Na5
15. Nxb5 Nxb3 16. cxb3 Qd7 17. Na3 Rb8 18. Qc2 Bd8 19. h3 c5 20. Nc4 Bc6 21.
Nfd2 Bg5 22. Ra1 Bf4 23. Nf1 h5 24. Nfe3 g6 25. Ra6 Bxe3 26. Nxe3 Qb7 27. Ra3
Bd7 28. Nc4 Qc7 29. Qc1 Be6 30. Qa1 Qd8 31. Qc1 Kg7 32. Ra6 Rxb3 33. Rxd6 Qe7
34. Qc2 Bxc4 35. dxc4 Rb8 36. Rd5 Ra8 37. g3 h4 38. g4 Qf6 39. Qc3 Re8 40. Rxc5
Qe7 41. Rd5 f6 42. Kg2 Qa7 43. Qd2 Re7 44. c5 Qa4 45. Qd3 g5 46. Rd6 Rc7 47. Qf3
Rf7 48. Qd3 Rc7 49. Qf3 Rf7 50. Qe3 Rc7 51. Rd5 Qb4 52. b3 Qb5 53. Qc3 Qe2 54.
Qc4 Qe1 55. c6 Kg6 56. Rd6 Kg7 57. Qd5 Qe2 58. Rd7+ Rxd7 59. cxd7 1-0

[Event "Mondiale Lampo FIDE 2022"]
[Site "Alma Ata"]
[Date "29.12.2022"]
[Round "8.22"]
[White "Bilguun, Sumiya"]
[Black "Cheparinov, Ivan"]
[Result "0-1"]
[WhiteTitle ""]
[BlackTitle ""]
[WhiteElo "2474"]
[BlackElo "2688"]
[WhiteFideId "4901541"]
[BlackFideId "2905540"]
[EventDate "29.12.2022"]

1. e4 c5 2. Nc3 Nc6 3. Bb5 Nd4 4. Nf3 e6 5. O-O a6 6. Bd3 Nc6 7. Re1 g6 8. e5 d6
9. exd6 Qxd6 10. b3 Bg7 11. Bb2 Nf6 12. Ne4 Qe7 13. Nxf6+ Bxf6 14. Bxf6 Qxf6 15.
Be4 Bd7 16. a4 O-O 17. Qe2 Rfd8 18. Qe3 Nd4 19. Nxd4 cxd4 20. Qd3 Rab8 21. Bf3
Be8 22. h3 a5 23. Be4 b6 24. Qg3 Rbc8 25. Bd3 Rc5 26. f4 h5 27. Re5 h4 28. Qg5
Qxg5 29. Rxg5 Rxg5 30. fxg5 Rd5 31. Rf1 Rxg5 32. Rf4 Bc6 33. Bf1 Rc5 34. Bc4 Rg5
35. Bf1 Rd5 36. Rxh4 f5 37. Bc4 Rd6 38. Rf4 Kg7 39. c3 e5 0-1

[Event "Mondiale Lampo FIDE 2022"]
[Site "Alma Ata"]
[Date "29.12.2022"]
[Round "8.23"]
[White "Madaminov, Mukhiddin"]
[Black "Harikrishna, Pentala"]
[Result "1/2-1/2"]
[WhiteTitle ""]
[BlackTitle ""]
[WhiteElo "2438"]
[BlackElo "2705"]
[WhiteFideId "14210703"]
[BlackFideId "5007003"]
[EventDate "29.12.2022"]

1. d4 Nf6 2. Nc3 d5 3. Bf4 c5 4. e4 Nxe4 5. Nxe4 dxe4 6. dxc5 Qa5+ 7. c3 Qxc5 8.
Qa4+ Nc6 9. Qxe4 g6 10. Nf3 Bg7 11. Qe3 Qxe3+ 12. Bxe3 O-O 13. O-O-O Be6 14. Kb1
Rfd8 15. Be2 a6 16. Bb6 Bf5+ 17. Kc1 Bh6+ 18. Be3 Bxe3+ 19. fxe3 Be4 20. b3 a5
21. Bb5 Bxf3 22. gxf3 Ne5 23. Be2 Rac8 24. Kb2 b6 25. f4 Nd7 26. b4 Nf6 27. Bf3
Ne8 28. Bb7 Rb8 29. Be4 Nd6 30. Bd3 Ra8 31. Kb3 f5 32. a4 Rdc8 33. Rhe1 Rc7 34.
e4 Rac8 35. Rc1 axb4 36. c4 Nb7 37. Kxb4 Nc5 38. Bc2 Ne6 39. Bb1 fxe4 40. Rxe4
Nc5 41. Re5 Ra8 42. Bc2 Ra5 43. Rce1 Kf7 44. h4 Na6+ 45. Kc3 Nc5 46. Kb4 Na6+
47. Kc3 Nc5 48. Kb4 Na6+ 49. Ka3 Kf8 50. Kb3 Nc5+ 51. Kb4 Na6+ 52. Kc3 Nc5 53.
Kb4 Na6+ 54. Kc3 Nc5 55. Kb4 Na6+ 56. Kc3 1/2-1/2

[Event "Mondiale Lampo FIDE 2022"]
[Site "Alma Ata"]
[Date "29.12.2022"]
[Round "8.24"]
[White "Indjic, Aleksandar"]
[Black "Petrosyan, Manuel"]
[Result "1/2-1/2"]
[WhiteTitle ""]
[BlackTitle ""]
[WhiteElo "2636"]
[BlackElo "2621"]
[WhiteFideId "911925"]
[BlackFideId "13300857"]
[EventDate "29.12.2022"]

1. c4 e5 2. Nf3 Nc6 3. g3 e4 4. Nh4 Ne5 5. Nc3 Nxc4 6. b3 Nd6 7. Ba3 Nf6 8. Bg2
Be7 9. Bxd6 Bxd6 10. Nxe4 Nxe4 11. Bxe4 g6 12. O-O Be7 13. Ng2 d5 14. Bf3 h5 15.
d4 h4 16. Nf4 c6 17. e4 Bg5 18. exd5 hxg3 19. fxg3 Bxf4 20. gxf4 cxd5 21. Qe2+
Be6 22. Bg4 Qf6 23. Bxe6 Qxe6 24. Qe5 Qxe5 25. fxe5 Rh4 26. Rad1 Rc8 27. Rd2
Rg4+ 28. Kh1 Rc3 29. Rdf2 Rc7 30. Rd2 Rc3 31. Rdf2 Rc7 32. Rd2 Rc3 1/2-1/2

[Event "Mondiale Lampo FIDE 2022"]
[Site "Alma Ata"]
[Date "29.12.2022"]
[Round "8.25"]
[White "Vokhidov, Shamsiddin"]
[Black "Nepomniachtchi, Ian"]
[Result "0-1"]
[WhiteTitle ""]
[BlackTitle ""]
[WhiteElo "2579"]
[BlackElo "2793"]
[WhiteFideId "14204223"]
[BlackFideId "4168119"]
[EventDate "29.12.2022"]

1. e4 c5 2. Nf3 e6 3. d4 cxd4 4. Nxd4 Nc6 5. Nc3 Qc7 6. Be3 a6 7. Qf3 Ne5 8. Qg3
h5 9. h4 d6 10. O-O-O Nf6 11. f3 Bd7 12. Kb1 b5 13. Bd3 Rb8 14. Nce2 b4 15. Rhe1
a5 16. Nc1 a4 17. f4 Nxd3 18. cxd3 b3 19. axb3 axb3 20. Ncxb3 Ng4 21. Rc1 Qb7
22. Rc3 Be7 23. f5 e5 24. Nf3 O-O 25. Bg5 f6 26. Bc1 d5 27. Nc5 Bxc5 28. Rxc5
Qa7 29. Rxd5 Rfc8 30. Nd2 Bc6 31. Rd6 Ba4 32. Nc4 Bb3 33. Na3 Bf7 34. Ka1 Qa4
35. Qf3 Rc2 36. Qd1 Qxa3+ 0-1

[Event "Mondiale Lampo FIDE 2022"]
[Site "Alma Ata"]
[Date "29.12.2022"]
[Round "8.26"]
[White "Nihal, Sarin"]
[Black "Aravindh, Chithambaram VR."]
[Result "1-0"]
[WhiteTitle ""]
[BlackTitle ""]
[WhiteElo "2670"]
[BlackElo "2607"]
[WhiteFideId "25092340"]
[BlackFideId "5072786"]
[EventDate "29.12.2022"]

1. d4 Nf6 2. Nf3 g6 3. Nbd2 Bg7 4. e4 d6 5. Bb5+ c6 6. Bd3 O-O 7. O-O a5 8. a4
Qc7 9. c3 e5 10. Re1 Re8 11. h3 Nbd7 12. Nf1 Nf8 13. Ng3 Ne6 14. Be3 Nf4 15. Bc4
Be6 16. Bxe6 Rxe6 17. dxe5 dxe5 18. Qb3 h6 19. Rad1 Bf8 20. Qc4 Rd6 21. Rxd6
Bxd6 22. Nf1 Bf8 23. Rd1 Ne6 24. Ng3 Nd7 25. h4 h5 26. Ne2 Ndc5 27. g3 Rd8 28.
Rxd8 Qxd8 29. Nxe5 Qd1+ 30. Kg2 Qxa4 31. Qxa4 Nxa4 32. Nc4 Bc5 33. b3 Bxe3 34.
bxa4 Ba7 35. Nxa5 Nc5 36. f3 Bb8 37. Nd4 Bc7 38. Ndb3 Nxa4 39. Nxb7 Nxc3 40. Nd4
Bb6 41. Nxc6 Kg7 42. Nb4 Bc7 43. Nd5 Be5 44. f4 Bd4 45. Kf3 Nb1 46. e5 Nd2+ 47.
Ke2 Nb3 48. Nd6 Ba7 49. Ne8+ Kf8 50. Nd6 Nd4+ 51. Kd3 Ne6 52. Ke4 Bf2 53. Kf3
Be1 54. Ne4 Nd4+ 55. Kg2 Nf5 56. Nb6 Ba5 57. Nc4 Be1 58. Ncd6 Ne7 59. Ng5 Nf5
60. Nxf5 gxf5 61. Nf3 Bc3 62. Kf2 Kg7 63. Ke3 Kg6 64. Nd4 Be1 65. Ne2 Kg7 66.
Kf3 Kg6 67. Nc1 Bb4 68. Nd3 Be7 69. Nb2 Bd8 70. Nc4 Bc7 71. Ke3 Bb8 72. Ke2 Bc7
73. Nb2 Bb6 74. Nd3 Bd4 75. Ne1 Bc5 76. Nc2 Kg7 77. Ne3 Kg6 78. Nd5 Kg7 79. Kd3
Kg6 80. Kc4 Ba3 81. Kb5 Kg7 82. Kc6 Bc1 83. Ne7 Bd2 1-0

[Event "Mondiale Lampo FIDE 2022"]
[Site "Alma Ata"]
[Date "29.12.2022"]
[Round "8.27"]
[White "Matlakov, Maxim"]
[Black "Tang, Andrew"]
[Result "1-0"]
[WhiteTitle ""]
[BlackTitle ""]
[WhiteElo "2662"]
[BlackElo "2540"]
[WhiteFideId "4168003"]
[BlackFideId "2059630"]
[EventDate "29.12.2022"]

1. d4 d5 2. Nf3 Nf6 3. c4 e6 4. g3 dxc4 5. Bg2 Nc6 6. Nc3 Bd6 7. O-O O-O 8. Qa4
e5 9. Qxc4 exd4 10. Nxd4 Nxd4 11. Qxd4 c6 12. Rd1 Be7 13. Qe5 Qe8 14. Bf4 Ng4
15. Qd4 Be6 16. h3 Nf6 17. Kh2 Qd8 18. Qe5 Qb6 19. Be3 Qa6 20. Rd2 Rfe8 21. Rad1
Bf8 22. Qf4 Qa5 23. Bd4 Nd7 24. a3 Nb6 25. Ne4 Qf5 26. Qxf5 Bxf5 27. Nc5 Nc4 28.
Nxb7 Nxd2 29. Rxd2 Be4 30. Bc3 Rab8 31. Bxe4 Rxe4 32. Na5 Rc8 33. e3 Bc5 34. Rd7
Re7 35. Rd2 h6 36. Kg2 Re6 37. g4 h5 38. gxh5 Rh6 39. Rd7 Rxh5 40. Nb3 Bb6 41.
Nd2 Rd5 42. Re7 Rb8 43. Nc4 Kf8 44. Re4 Rbd8 45. h4 Rh5 46. Ne5 Rc8 47. Nd7+ Kg8
48. Rg4 Kh7 49. Rxg7+ Kh6 50. Rg4 Bd8 51. Bg7+ Kh7 52. Bf6 Rd5 53. Rg7+ Kh6 54.
Rxf7 Rxd7 55. Bg5+ Bxg5 56. hxg5+ Kxg5 57. Rxd7 Rb8 58. b4 a5 59. bxa5 Rb5 60.
Rc7 c5 61. a6 Ra5 62. a7 Kf5 63. Rxc5+ 1-0

[Event "Mondiale Lampo FIDE 2022"]
[Site "Alma Ata"]
[Date "29.12.2022"]
[Round "8.28"]
[White "Riazantsev, Alexander"]
[Black "Maghsoodloo, Parham"]
[Result "1-0"]
[WhiteTitle ""]
[BlackTitle ""]
[WhiteElo "2626"]
[BlackElo "2719"]
[WhiteFideId "4125029"]
[BlackFideId "12539929"]
[EventDate "29.12.2022"]

1. d4 Nf6 2. c4 e6 3. Nc3 Bb4 4. e3 O-O 5. Bd3 d5 6. a3 dxc4 7. Bxc4 Bxc3+ 8.
bxc3 c5 9. Nf3 b6 10. O-O Bb7 11. Bb2 Nc6 12. Re1 Na5 13. Bd3 Be4 14. Bf1 Rc8
15. Nd2 Bc6 16. e4 Qd7 17. a4 Rfd8 18. Bd3 h6 19. Nf3 Qc7 20. Ne5 Bb7 21. h3 Nc6
22. Nxc6 Bxc6 23. Qe2 Qd7 24. Bc2 b5 25. axb5 Bxb5 26. Qd2 a6 27. Rad1 Ba4 28.
Bxa4 Qxa4 29. Ra1 Qb5 30. Ba3 cxd4 1-0

[Event "Mondiale Lampo FIDE 2022"]
[Site "Alma Ata"]
[Date "29.12.2022"]
[Round "8.29"]
[White "Jumabayev, Rinat"]
[Black "Vidit, Santosh Gujrathi"]
[Result "1-0"]
[WhiteTitle ""]
[BlackTitle ""]
[WhiteElo "2609"]
[BlackElo "2730"]
[WhiteFideId "13702661"]
[BlackFideId "5029465"]
[EventDate "29.12.2022"]

1. Nf3 Nf6 2. c4 c5 3. Nc3 Nc6 4. d4 cxd4 5. Nxd4 e6 6. a3 Bc5 7. Nb3 Be7 8. e4
O-O 9. Bf4 d6 10. Be2 b6 11. O-O Bb7 12. Rc1 a6 13. Re1 Ne5 14. Nd2 Qc7 15. Be3
Rac8 16. f4 Ned7 17. Bd3 Qb8 18. Qe2 Qa8 19. Bf2 g6 20. b4 Nh5 21. Be3 Qb8 22.
Qf2 Bc6 23. h3 Bd8 24. Nb3 Nhf6 25. Nd2 h5 26. Nf3 Be7 27. f5 exf5 28. exf5 Bxf3
29. Qxf3 Ne5 30. Qe2 Rfe8 31. Bg5 Qa7 32. Kh1 Nd5 33. Nxd5 Bxg5 34. Rcd1 Kg7 35.
Qf1 a5 36. f6+ Kf8 37. Re4 axb4 38. axb4 Qa3 39. Be2 Rb8 40. h4 Bh6 41. Nc7 Red8
42. Qe1 Qa7 43. Nb5 Qb7 44. Red4 Qc6 45. Nxd6 Ng4 46. Bxg4 Rxd6 47. Rxd6 Qxc4
48. Rd8+ 1-0

[Event "Mondiale Lampo FIDE 2022"]
[Site "Alma Ata"]
[Date "29.12.2022"]
[Round "8.30"]
[White "Najer, Evgeniy"]
[Black "Brunello, Sabino"]
[Result "1/2-1/2"]
[WhiteTitle ""]
[BlackTitle ""]
[WhiteElo "2662"]
[BlackElo "2519"]
[WhiteFideId "4118987"]
[BlackFideId "813613"]
[EventDate "29.12.2022"]

1. e4 e5 2. Nf3 Nc6 3. Bb5 a6 4. Ba4 Nf6 5. O-O Nxe4 6. d4 b5 7. Bb3 d5 8. dxe5
Be6 9. c3 Be7 10. Nbd2 Nc5 11. Bc2 d4 12. cxd4 Nxd4 13. Nxd4 Qxd4 14. Nf3 Qxd1
15. Rxd1 Bg4 16. Be3 O-O 17. h3 Bxf3 18. gxf3 Rad8 19. f4 g6 20. Rac1 Rxd1+ 21.
Rxd1 Ne6 22. Rd7 Bc5 23. Bb3 Bxe3 24. fxe3 Nc5 25. Rxc7 Nxb3 26. axb3 Rd8 27.
Ra7 Rd3 28. Kf2 Rxb3 29. Rxa6 Rxb2+ 30. Kf3 Rh2 31. Kg3 Re2 32. Kf3 1/2-1/2

[Event "Mondiale Lampo FIDE 2022"]
[Site "Alma Ata"]
[Date "29.12.2022"]
[Round "8.31"]
[White "Pantsulaia, Levan"]
[Black "Asadli, Vugar"]
[Result "0-1"]
[WhiteTitle ""]
[BlackTitle ""]
[WhiteElo "2597"]
[BlackElo "2567"]
[WhiteFideId "13602071"]
[BlackFideId "13405764"]
[EventDate "29.12.2022"]

1. Nf3 g6 2. g3 Bg7 3. c4 Nf6 4. Bg2 O-O 5. O-O d6 6. Nc3 e5 7. d3 Nc6 8. Rb1 a5
9. a3 Nd4 10. Nd2 c6 11. e3 Nf5 12. Nde4 Ne7 13. Nxf6+ Bxf6 14. e4 Bg7 15. b4
axb4 16. axb4 Be6 17. Qb3 b5 18. Be3 f5 19. exf5 gxf5 20. Bg5 Rc8 21. Ra1 Qd7
22. Bxe7 Qxe7 23. Ra6 e4 24. Re1 exd3 25. Nd5 Qf7 26. Rxe6 Qxe6 27. Qxd3 bxc4
28. Qxc4 Qe1+ 29. Bf1 cxd5 30. Qxd5+ Kh8 31. Ra7 Rc2 32. Qf3 Rxf2 0-1

[Event "Mondiale Lampo FIDE 2022"]
[Site "Alma Ata"]
[Date "29.12.2022"]
[Round "8.32"]
[White "Sychev, Klementy"]
[Black "Andriasian, Zaven"]
[Result "1-0"]
[WhiteTitle ""]
[BlackTitle ""]
[WhiteElo "2556"]
[BlackElo "2580"]
[WhiteFideId "4114060"]
[BlackFideId "13302000"]
[EventDate "29.12.2022"]

1. d4 Nf6 2. c4 g6 3. Nc3 Bg7 4. e4 d6 5. Be2 Nbd7 6. Nf3 e5 7. O-O O-O 8. Be3
c6 9. d5 c5 10. Bg5 h6 11. Bd2 Nh7 12. Qc1 h5 13. g3 f5 14. Nh4 Qe8 15. Nb5 Qd8
16. Nxd6 Rf6 17. Nxc8 Rxc8 18. exf5 gxf5 19. Bxh5 e4 20. Bc3 Rf8 21. Bg6 Ne5 22.
Bxe5 Bxe5 23. Bxf5 Rc7 24. Bxe4 Ng5 25. Bg2 Bd4 26. d6 Rg7 27. Qc2 Qf6 28. Kh1
Kh8 29. f4 Nf7 30. d7 Nh6 31. Rae1 Rxd7 32. Ng6+ Kg7 33. Nxf8 Kxf8 34. Bd5 Ng4
35. Re6 Qh8 36. Qf5+ Nf6 37. Rxf6+ Bxf6 38. Qxd7 1-0